| 000 | 00966nam a2200241Ia 4500 | ||
|---|---|---|---|
| 001 | 16915 | ||
| 003 | GE_BSU | ||
| 008 | 181216s||||||||xx |||||||||||||| ||und|| | ||
| 040 | _cGE_BSU | ||
| 080 | _a329.150.1(093.3) + 94(470)"1917.10"(093.3) | ||
| 100 | _aჩერეპახინი, გ.ვ. | ||
| 245 | _aბრძოლის წლები | ||
| 245 | _bძველი ბოლშევიკის მოგონებანი | ||
| 245 | _cრედ.ქ.ქუჩუკაშვილი | ||
| 260 | _aთბილისი | ||
| 260 | _bსაბლიტგამი | ||
| 260 | _c1958 | ||
| 300 | _a132გვ. ; 22სმ. | ||
| 653 | _aბრძოლის წლები | ||
| 653 | _aსკკპ ისტორია; დიდი ოქტომბრის სოციალისტური რევოლუცია | ||
| 653 | _aძველი ბოლშევიკის მოგონებანი | ||
| 942 | _cBK | ||
| 999 |
_c49979 _d49979 |
||